Určovanie témy vo vláknach pri chat miningu

Problémy určovania témy vo vláknach chat miningu. Špecifické problémy pri práci s dátami pre chat mining a vplyv tohto faktu vplyv na určovanie tém a vlákien v konverzáciách. Postup pri konštrukcii tematických vláken a spôsob, ako je tento problém možné riešiť. Priblížená možnosť určenia témy vláken...

Ausführliche Beschreibung

Gespeichert in:
Bibliographische Detailangaben
1. Verfasser: Sihelský, Patrik
Format: Buchkapitel
Sprache:Slowakisch
Schlagworte:
Tags: Tag hinzufügen
Keine Tags, Fügen Sie das erste Tag hinzu!

MARC

LEADER 00000nla a2200000 4500
001 0180589
005 20240502073100.3
041 0 |a slo 
044 |a SK 
245 1 0 |a Určovanie témy vo vláknach pri chat miningu  |c Patrik Sihelský 
520 |a Problémy určovania témy vo vláknach chat miningu. Špecifické problémy pri práci s dátami pre chat mining a vplyv tohto faktu vplyv na určovanie tém a vlákien v konverzáciách. Postup pri konštrukcii tematických vláken a spôsob, ako je tento problém možné riešiť. Priblížená možnosť určenia témy vláken pomocou klasifikácie ako riešenie daného problému. 
610 2 0 |a chaty 
610 2 0 |a konverzácia 
610 2 0 |a dáta 
100 1 |a Sihelský, Patrik